<?xml version="1.0" encoding="UTF-8"?>
<record
    xmlns:xsi="http://www.w3.org/2001/XMLSchema-instance"
    xsi:schemaLocation="http://www.loc.gov/MARC21/slim http://www.loc.gov/standards/marcxml/schema/MARC21slim.xsd"
    xmlns="http://www.loc.gov/MARC21/slim">

  <leader>00682ngm a2200169 i 4500</leader>
  <controlfield tag="001">C2-0343768</controlfield>
  <controlfield tag="003">PPAK</controlfield>
  <controlfield tag="005">20180727222826.0</controlfield>
  <controlfield tag="008">171123s2017    cc |||| |||||  |  vlzxx d</controlfield>
  <datafield tag="040" ind1=" " ind2=" ">
    <subfield code="a">PPAK</subfield>
    <subfield code="b">eng</subfield>
    <subfield code="c">PPAK</subfield>
    <subfield code="e">rda</subfield>
  </datafield>
  <datafield tag="245" ind1="1" ind2="0">
    <subfield code="a">Journey to the west : </subfield>
    <subfield code="b">the demons strike back</subfield>
  </datafield>
  <datafield tag="264" ind1=" " ind2="1">
    <subfield code="a">China : </subfield>
    <subfield code="b">The Star Overseas Limited , </subfield>
    <subfield code="c">2017</subfield>
  </datafield>
  <datafield tag="500" ind1=" " ind2=" ">
    <subfield code="a">DVD, NTSC, region 3, anamorphic widescreen 1.85:1; 5.1 Dolby Digital. ; Summary : A monk and his disciples travel to the West to exorcise demonic possessions, but first need to understand their own personal anxieties ; Special features : 5</subfield>
  </datafield>
  <datafield tag="700" ind1=" " ind2=" ">
    <subfield code="e">author</subfield>
  </datafield>
  <datafield tag="700" ind1="1" ind2=" ">
    <subfield code="a">Tsui, Hark, </subfield>
    <subfield code="e">compile</subfield>
  </datafield>
  <datafield tag="942" ind1=" " ind2=" ">
    <subfield code="2">ddc</subfield>
    <subfield code="c">DVD</subfield>
  </datafield>
  <datafield tag="999" ind1=" " ind2=" ">
    <subfield code="c">168078</subfield>
    <subfield code="d">168078</subfield>
  </datafield>
  <datafield tag="952" ind1=" " ind2=" ">
    <subfield code="0">0</subfield>
    <subfield code="1">0</subfield>
    <subfield code="2">ddc</subfield>
    <subfield code="4">0</subfield>
    <subfield code="7">0</subfield>
    <subfield code="b">PPAK</subfield>
    <subfield code="c">G</subfield>
    <subfield code="d">2017-11-29</subfield>
    <subfield code="e">GI</subfield>
    <subfield code="l">1</subfield>
    <subfield code="o">79.4372 CHO</subfield>
    <subfield code="p">A01547617</subfield>
    <subfield code="r">2018-10-07 00:00:00</subfield>
    <subfield code="s">2018-09-24</subfield>
    <subfield code="v">23.90</subfield>
    <subfield code="y">DVD</subfield>
  </datafield>
</record>
